000 00465nam a22001457a 4500
008 230301b |||||||| |||| 00| 0 eng d
020 _a978-1-61268-113-9
082 _a332.024
100 _aRobert T. Kiyosaki
245 _aRich Dad Poor Dad:
_bWhat the rich teach their kids about money that the poor and middle class don't
260 _bPlata Publishing,
_c2022
300 _a348 p.
_c17 cm
942 _2ddc
999 _c9403
_d9404